Sports Quiz

Random Sports Quiz

Populous non-Sport U.S. Cities Quiz Stats

 Plays Quiz not verified by Sporcle

Challenge
Share
Tweet
Embed
Score 0/20 Timer 05:00
0 Plays Today
National Population Rank City % Correct
32Las Vegas, NV
72.6%
16Austin, TX
72%
23El Paso, TX
67.3%
35Albuquerque, NM
51.8%
45Omaha, NE
49.4%
30Tucson, AZ
44.6%
38Virginia Beach, VA
44.6%
44Tulsa, OK
44%
27Fort Worth, TX
40.5%
37Fresno, CA
40.5%
National Population Rank City % Correct
47Honolulu, HI
40.5%
49Colorado Springs, CO
35.1%
57Toledo, OH
31%
34Long Beach, CA
30.4%
51Wichita, KS
28%
43Mesa, AZ
25.6%
62Aurora, CO
22%
61Corpus Christi, TX
16.1%
52Santa Ana, CA
12.5%
39San Juan, PR
1.8%

You're not logged in!

Compare scores with friends on all Sporcle quizzes.
Join for Free
OR
Log In

You Might Also Like...

Show Comments

Extras

Created Aug 12, 2010SourceReportNominate

Top Quizzes Today


Score Distribution

Your Account Isn't Verified!

In order to create a playlist on Sporcle, you need to verify the email address you used during registration. Go to your Sporcle Settings to finish the process.

Report this User

Report this user for behavior that violates our Community Guidelines.

Details: